Por uma economia política da cidade: o caso de Sao Paulo

Saved in:
Bibliografiske detaljer
Hovedforfatter: Santos, Milton (Author)
Format: Bog
Sprog:portugisisk
Udgivet: Sao Paulo Universidade de Sao Paulo 2009
Udgivelse:2a. ed
Fag:
Tags: Tilføj Tag
Ingen Tags, Vær først til at tagge denne postø!

MARC

LEADER 00000cam a2200000 a 4500
001 UCF2614
003 CL-VaPUC
008 120830e20090000BL |||||||||||||||||por|d
020 |a 9788531411205 
082 0 4 |a 307.76  |b SAN  |2 21 
100 0 |a Santos, Milton  |e author  |9 564327 
245 1 0 |a Por uma economia política da cidade: o caso de Sao Paulo 
250 |a 2a. ed 
300 |a 144 p 
942 |c BK 
945 |d 20120830 00:00:00  |a dcastane 
260 |a Sao Paulo  |b Universidade de Sao Paulo  |c 2009 
650 0 |a Geografía humana  |9 267193 
650 0 |a Sociología urbana  |9 268099 
583 |a last modification  |c 20120830 10:25:00  |k Rodrigo Vera 
999 |c 349155  |d 349153 
952 |0 0  |1 0  |4 0  |6 307_760000000000000_SAN_2009  |7 0  |8 A  |9 451634  |a BIBING  |b BIBING  |d 2019-11-22  |i 4898702  |o 307.76 SAN 2009  |p 4898702  |r 2025-01-20  |w 2019-11-22  |y BK  |k GEO